| 000 | 00735cam a2200289 i 4500 | ||
|---|---|---|---|
| 001 | 0000849 | ||
| 003 | DO-SdBNP | ||
| 005 | 20240807104327.0 | ||
| 007 | 0000849 | ||
| 008 | 100514s2003 sp a | 000 f spa | ||
| 015 | _a | ||
| 017 |
_a _b |
||
| 020 | _a8466206108 | ||
| 035 | _a | ||
| 040 |
_aBPMSU _bspa _cBPMSU _e |
||
| 080 | _a | ||
| 082 | 4 |
_a843.47 _bC239r 2003 _222 |
|
| 245 | 0 | 0 |
_aCaperucita roja _h |
| 260 |
_aMadrid, EspaƱa : _bLibsa, _c2003. |
||
| 300 |
_a[32] p. : _bil. ; _c26 cm. |
||
| 490 | 0 | _aCuentos troquelados | |
| 590 | _aInventariado, 2024/VM | ||
| 650 | 4 | _aCuentos infantiles franceses | |
| 650 | 4 | _aLibros infantiles ilustrados | |
| 910 | _aVMateo V. Control de calidad. BPMSU | ||
| 942 |
_2ddc _cBK |
||
| 999 |
_c12219 _d12219 |
||